Statistics for NFL Defensive Players of the Year

Click here to take the quiz!

General Stats

  • This quiz has been taken 13,965 times
    (1,557 since last reset)
  • The average score is 20 of 39

Answer Stats

YearsPlayer% Correct
2012, 2014, 2015J. J. Watt
95%
2000, 2003Ray Lewis
93%
2017, 2018Aaron Donald
91%
2016Khalil Mack
85%
1981, 1982, 1986Lawrence Taylor
83%
2006Jason Taylor
81%
2019Stephon Gilmore
81%
2013Luke Kuechly
78%
2004Ed Reed
78%
2010Troy Polamalu
77%
1987, 1998Reggie White
71%
2005Brian Urlacher
68%
1972, 1974Joe Greene
67%
1990, 1996Bruce Smith
67%
2011Terrell Suggs
65%
2009Charles Woodson
62%
1993Rod Woodson
61%
2001Michael Strahan
60%
2007Bob Sanders
58%
1994Deion Sanders
58%
1999Warren Sapp
57%
2008James Harrison
57%
2002Derrick Brooks
53%
1985, 1988Mike Singletary
51%
1976Jack Lambert
41%
1971Alan Page
38%
1975Mel Blount
31%
1979Lee Roy Selmon
23%
1992Cortez Kennedy
22%
1997Dana Stubblefield
19%
1984Kenny Easley
16%
1980Lester Hayes
16%
1977Harvey Martin
16%
1995Bryce Paup
16%
1973Dick Anderson
16%
1991Pat Swilling
15%
1989Keith Millard
13%
1978Randy Gradishar
13%
1983Doug Betters
11%

Score Distribution

Percentile by Number Answered

Percent of People with Each Score

Your Score History

You have not taken this quiz since the last reset